| 000 | 00666nab a2200193 4500 | ||
|---|---|---|---|
| 001 | 244442 | ||
| 003 | OSt | ||
| 005 | 20230607154234.0 | ||
| 007 | tu | ||
| 008 | 200917s2020||||||| | ||
| 040 |
_aDE-2950 _cDE-2950 |
||
| 245 | 0 | 0 |
_aZug wird zur Prager Botschaft. _bWendeherbst. Das Eisenbahntheater erzählt in Frankfurt die Geschichte der DDR-Flüchtlinge vom September 1989. Für einige Darsteller ist sie aktueller denn je / _cRené Matschkowiak |
| 264 | _c2023 | ||
| 653 | _aFrankfurt (Oder) | ||
| 653 | _aEisenbahntheater | ||
| 653 | _aGastspiel | ||
| 773 | 0 |
_g34. Jahrgang (2023) Nr. 126 vom 02.06.2023, S. 16: mit Foto _tMärkische Oderzeitung |
|
| 942 |
_2z _cA |
||
| 999 |
_c372520 _d372520 |
||